00739 2200277 4500001002100000005001700021008004100038020001600079035002400095082000800119090001500127100001900142245007500161250001100236260004500247300002400292500004400316650001000360700001200370700002500382850000900407980001500416985000600431986000900437999001500446YOGYA-0209000006581820090227091837.0 ind  a979-8793-76 0010-020900000065818 a812 a812bGib D aGIBRAN, Kahlil aDrama manusiabKahlil Gibran ; penerjemah Ruslani, Yusup Priyasudiarja aCet. 6 aYogyakartabYayasan Bintang Budayac2002 avii, 176 hlmc20 cm aJudul asli : A Tresury of Kahlil Gibran aDrama aRuslani aPriyasudiarja, Yusup aBPAD a27-11-2008 a1 aRuni a03P0001178